Prosecution management support systems directory

Saved in:  
Bibliographic Details
Corporate Author: USA (Other)
Format: Print Book
Language:English
Published: Washington U.S. Dep. of Justice, Office of Justice Programs 1988
In:Year: 1988
Availability in Tübingen:Present in Tübingen.
UB: KB 1 G 819
Check availability: HBZ Gateway
Subito Delivery Service: Order now.

MARC

LEADER 00000cam a2200000 c 4500
001 1092407928
003 DE-627
005 20220514131044.0
007 tu
008 901128s1988 xx ||||| 00| ||eng c
035 |a (DE-627)1092407928 
035 |a (DE-576)022407928 
035 |a (DE-599)BSZ022407928 
035 |a (OCoLC)311345139 
040 |a DE-627  |b ger  |c DE-627  |e rakwb 
041 |a eng 
245 0 0 |a Prosecution management support systems directory  |c Bureau of Justice Assistance 
264 1 |a Washington  |b U.S. Dep. of Justice, Office of Justice Programs  |c 1988 
300 |a V, 224 S. 
336 |a Text  |b txt  |2 rdacontent 
337 |a ohne Hilfsmittel zu benutzen  |b n  |2 rdamedia 
338 |a Band  |b nc  |2 rdacarrier 
490 0 |a Reference manual / Bureau of Justice Assistance 
583 1 |a Archivierung prüfen  |c 20200919  |f DE-640  |z 1  |2 pdager 
710 2 |a USA  |b Bureau of Justice Assistance  |0 (DE-588)5342492-X  |0 (DE-627)302386955  |0 (DE-576)197843247  |4 oth 
951 |a BO 
ELC |b 1 
LOK |0 000 xxxxxcx a22 zn 4500 
LOK |0 001 2155082754 
LOK |0 003 DE-627 
LOK |0 004 1092407928 
LOK |0 005 20151005151452 
LOK |0 008 901128||||||||||||||||ger||||||| 
LOK |0 040   |a DE-21  |c DE-627  |d DE-21 
LOK |0 852   |a DE-21 
LOK |0 852 1  |c KB 1 G 819  |9 00 
LOK |0 866   |x 3 Mikrofiches 
LOK |0 935   |a lkop  |a krim 
LOK |0 939   |a 28-11-90  |b l01 
ORI |a SA-MARC-krimdoka001.raw 
SIG |a UB: KB 1 G 819